000 00828nam a2200265Ia 4500
001 21893
005 20260320113322.0
008 260320s9999||||xx |||||||||||||| ||und||
020 _a9781337618830
041 _aING
082 _a658.406
_bC285
100 _aCummings, Thomas G.,
_eAUT
245 0 _aOrganization development & change
_b
246 _a
_5
_b
260 _aAustralia :
_bCengage,
_c2019
300 _axxi, 714 páginas :
_bilustraciones, gráficos ;
_c25 cm.
_e
440 _a
_n
_v
500 _aNo tiene portada / Datos extraídos de Worldcat
650 _aTCA
653 _aManejo del cambio
654 _aCAN
700 _aWorley, Christopher G.,
_cAUT
856 _uhttps://research-ebsco-com.ucsp.lookproxy.com/c/qxo6us/search
_zVéase además: Base de datos EBSCOhost
942 _cLIB
_dJUS
_fMIP
_2ddc
_n
999 _c21893
_d21893